书目信息 |
| 题名: |
包装设计
|
|
| 作者: | 苏苗 , 万良保 , 郑丽伟 主编 | |
| 分册: | ||
| 出版信息: | 北京 科学技术文献出版社 2020.1 |
|
| 页数: | 123页 | |
| 开本: | 28cm | |
| 丛书名: | ||
| 单 册: | ||
| 中图分类: | TB482 | |
| 科图分类: | ||
| 主题词: | 包装设计--教材 , 包装设计 | |
| 电子资源: | ||
| ISBN: | 978-7-5023-7833-2 | |
| 000 | 01033nam0 2200301 45 | |
| 001 | 012001002957 | |
| 005 | 20141010143941.0 | |
| 010 | @a978-7-5023-7833-2@dCNY48.00 | |
| 100 | @a20131111d2013 em y0chiy50 ea | |
| 101 | 0 | @achi |
| 102 | @aCN@b110000 | |
| 105 | @aa z 000yy | |
| 106 | @ar | |
| 200 | 1 | @a包装设计@Abao zhuang she ji@b专著@dPacking design@f苏苗,万良保,郑丽伟主编@zeng |
| 210 | @a北京@c科学技术文献出版社@d2020.1 | |
| 215 | @a123页@c图@d28cm | |
| 300 | @a二十一世纪艺术设计专业精品教材 | |
| 300 | @a并列题名:Packing design | |
| 330 | @a本书共分7章,讲解了包装设计的概念、包装设计程序、包装装潢设计、包装容器设计、纸质包装结构设计、包装印刷工艺、现代包装设计观等内容。 | |
| 510 | 1 | @aPacking design@zeng |
| 606 | 0 | @a包装设计@j教材 |
| 606 | 0 | @a包装设计 |
| 690 | @aTB482@v5 | |
| 701 | 0 | @a苏苗@Asu miao@c(女,@f1973 )@4主编 |
| 701 | 0 | @a万良保@Awan liang bao@4主编 |
| 701 | 0 | @a郑丽伟@Azheng li wei@c(女,@f1972 )@4主编 |
| 801 | 2 | @aCN@bBJSDL@c20211018 |
| 905 | @b1350966-9@dTB482@e624@f4 | |
| 包装设计=Packing design/苏苗,万良保,郑丽伟主编.-北京:科学技术文献出版社,2020.1 |
| 123页:图;28cm |
| 二十一世纪艺术设计专业精品教材.-并列题名:Packing design |
| ISBN 978-7-5023-7833-2:CNY48.00 |
| 本书共分7章,讲解了包装设计的概念、包装设计程序、包装装潢设计、包装容器设计、纸质包装结构设计、包装印刷工艺、现代包装设计观等内容。 |
| ● |
| 相关链接 |
|
|
|
|
正题名:包装设计
索取号:TB482/624
 
预约/预借
| 序号 | 登录号 | 条形码 | 馆藏地/架位号 | 状态 | 备注 |
| 1 | 1350966 | 213509666 | 第二样本阅览室/ [索取号:TB482/624] | 在馆 | |
| 2 | 1350967 | 213509675 | 第三借阅区/ [索取号:TB482/624] | 在馆 | |
| 3 | 1350968 | 213509684 | 第三借阅区/ [索取号:TB482/624] | 在馆 | |
| 4 | 1350969 | 213509693 | 第三借阅区/ [索取号:TB482/624] | 在馆 |